Colonies to nation, 1763-1789 : a documentary history of the American Revolution /
This book is about: Tightening the Reins of Empire; Stamp Act Crisis; Internal dissensions; ...
Gardado en:
| Formato: | Libro |
|---|---|
| Idioma: | English |
| Publicado: |
New York :
W. W. Norton,
[1975]
|
| Những chủ đề: | |
| Các nhãn: |
Engadir etiqueta
Sen Etiquetas, Sexa o primeiro en etiquetar este rexistro!
|
| Thư viện lưu trữ: | Mạng thư viện Đại học Đà Nẵng |
|---|
| LEADER | 01079cam a2200349 i 4500 | ||
|---|---|---|---|
| 001 | 000048638 | ||
| 003 | 8360 | ||
| 005 | 20030310095037.0 | ||
| 008 | 010326|1975 vm 000 eng | ||
| 020 | |a 0393092291 | ||
| 040 | |a IRC |c IRC |d IRC | ||
| 041 | 0 | |a eng | |
| 082 | 1 | 4 | |a 973.3 |b Co-N |
| 245 | 0 | 0 | |a Colonies to nation, 1763-1789 : |b a documentary history of the American Revolution / |c Edited by Jack P. Greene. |
| 260 | |a New York : |b W. W. Norton, |c [1975] | ||
| 300 | |a xiii, 583 p. ; |c 23.5cm. | ||
| 520 | 3 | |a This book is about: Tightening the Reins of Empire; Stamp Act Crisis; Internal dissensions; ... | |
| 630 | 0 | 4 | |a History. |
| 630 | 0 | 4 | |a United States. |
| 630 | 0 | 4 | |a Revolution. |
| 650 | 0 | 4 | |a United States |b History |x Revolution, 1775-1783 |x Sources. |
| 650 | 0 | 4 | |a United States |b History |x Confederation, 1783-1789 |x Sources. |
| OWN | |a DUT | ||
| 999 | |a From the UDN01 | ||
| TYP | |a Monograph | ||
| TYP | |a Printed language | ||
| 980 | |a Mạng thư viện Đại học Đà Nẵng | ||


